000 00594nam a2200217Ii 4500
003 JO-AjNU
008 230606s9999||||xx |||||||||||||| ||und||
020 _a978-0415-6-50665-6
040 _aJO-AjNU
_beng
_erda
_cJO-AjNU
041 _aeng
050 1 4 _aTA710.D257 2013
100 3 _aDas, Braja,
_eauthor
_94156
245 0 0 _aAdvanced Soil Mechanics
250 _a4 ed
264 3 1 _aNew York :CRC press ,2013
300 _a610p
336 _atext
_btxt
_2rdacontent
337 _aunmediated
_bn
_2rdamedia
338 _avolume
_bnc
_2rdacarrier
650 4 _aAdvanced Soil Mechanics
_94157
999 _aE2163
_c2161
_d2161